Swimming and diving officiating / (Record no. 16642)
[ view plain ]
| 000 -LEADER | |
|---|---|
| fixed length control field | 00836cam a22002651 4500 |
| 001 - CONTROL NUMBER | |
| control field | 16642 |
| 003 - CONTROL NUMBER IDENTIFIER | |
| rucl marc code | BD-RjUL |
| 005 - DATE AND TIME OF LATEST TRANSACTION | |
| control field | 20211209000032.0 |
| 008 - FIXED-LENGTH DATA ELEMENTS--GENERAL INFORMATION | |
| fixed length control field | 140215r19661963caua b 000 0 eng |
| 035 ## - SYSTEM CONTROL NUMBER | |
| System control number | (BD-RjUL)16697 |
| System control number | (OCoLC)970599 |
| 040 ## - CATALOGING SOURCE | |
| Original cataloging agency | DLC |
| Transcribing agency | OTU |
| Modifying agency | OCoLC |
| -- | DLC |
| -- | BD-RjUL |
| Language of cataloging | eng |
| 041 ## - LANGUAGE CODE | |
| Language code of text/sound track or separate title | eng |
| 082 04 - DEWEY DECIMAL CLASSIFICATION NUMBER | |
| Classification number | 797.2 |
| Author mark and year | MES 1966 |
| 100 1# - MAIN ENTRY--PERSONAL NAME | |
| Personal name | Meyers, Carlton R. |
| 9 (RLIN) | 51414 |
| 245 10 - TITLE STATEMENT | |
| Title | Swimming and diving officiating / |
| Statement of responsibility, etc. | by Carlton R. Meyers [and] William H. Sanford, III. |
| 260 ## - PUBLICATION, DISTRIBUTION, ETC. (IMPRINT) | |
| Place of publication, distribution, etc. | Palo Alto, Calif. : |
| Name of publisher, distributor, etc. | National Press, |
| Date of publication, distribution, etc. | c1963 [revised ed. 1966]. |
| 300 ## - PHYSICAL DESCRIPTION | |
| Pagination | viii, 88 p. : |
| Illustrations | illus. ; |
| Size | 22 cm. |
| 504 ## - BIBLIOGRAPHY, ETC. NOTE | |
| Bibliography, etc | Bibliography: p. 87-88. |
| 650 #0 - SUBJECT ADDED ENTRY--TOPICAL TERM | |
| Topical term or geographic name as entry element | Swimming |
| General subdivision | Officiating. |
| 9 (RLIN) | 51415 |
| 700 1# - ADDED ENTRY--PERSONAL NAME | |
| Personal name | Sanford, William H., |
| Relator term | joint author. |
| 942 ## - ADDED ENTRY ELEMENTS (KOHA) | |
| Source of classification or shelving scheme | Dewey Decimal Classification |
| Koha item type | Books |
| Lost status | Source of classification or shelving scheme | Damaged status | Not for loan | Collection code | Permanent Location | Current Location | Shelving location | Date acquired | Source of acquisition | Total Checkouts | Full call number | Date last seen | Copy number | Koha item type |
|---|---|---|---|---|---|---|---|---|---|---|---|---|---|---|
| Dewey Decimal Classification | Not For Loan | Non-fiction | Central Library, University of Rajshahi | Central Library, University of Rajshahi | Reading Room | 21/10/1970 | Sweets & Zeitlinger | 797.2 MES 1966 | 15/02/2014 | C-1 | Books |